[Event "St Petersburg Summer op"]
[Site "St Petersburg"]
[Date "2017.08.18"]
[Round "3"]
[White "Shmagin, Konstantin"]
[Black "Geivondian, Arman"]
[Result "0-1"]
[WhiteElo "2053"]
[BlackElo "2382"]
[PlyCount "112"]
[EventDate "2017.08.16"]
[EventType "swiss"]
[EventRounds "9"]
[EventCountry "RUS"]
[SourceTitle "CBM 180 Extra"]
[Source "ChessBase"]
[SourceDate "2017.10.06"]
[SourceVersion "1"]
[SourceVersionDate "2017.10.06"]
[SourceQuality "1"]

1. e4 e6 2. d4 d5 3. Nd2 Be7 4. Ngf3 Nf6 5. Bd3 c5 6. c3 Nc6 7. 0-0 dxe4 8. Nxe4 cxd4 9. cxd4 0-0 10. Be3 Nb4 11. Bb1 b6 12. Ng3 Bb7 13. a3 Nbd5 14. Ne5 a5 15. Bg5 Qd6 16. h4 Nc7 17. Bxf6 Bxf6 18. Qc2 g6 19. Ne4 Bxe4 20. Qxe4 Nb5 21. Rd1 Nxd4 22. Nc4 Qc5 23. Ba2 b5 24. Ne3 Rfd8 25. Ng4 Bg7 26. Rac1 Qh5 27. Rc7 Ra6 28. g3 Rad6 29. Kg2 Qf5 30. Qxf5 gxf5 31. Ne3 Bf6 32. Rd2 a4 33. Rc5 Nb3 34. Rxd6 Nxc5 35. Rxd8+ Bxd8 36. Bb1 Bf6 37. Nd1 Kf8 38. Kf3 Ke7 39. g4 fxg4+ 40. Kxg4 Bd4 41. Kg5 f5 42. Kh6 Bf6 43. h5 Kf7 44. Kxh7 Bg5 45. Ba2 Nd7 46. Bxe6+ Kxe6 47. Kg6 Bf6 48. Nc3 Nf8+ 49. Kh6 Bxc3 50. bxc3 Kf6 51. f3 f4 52. c4 b4 53. c5 b3 54. c6 b2 55. c7 b1Q 56. c8Q Qh7# 0-1

[Event "St Petersburg Summer op"]
[Site "St Petersburg"]
[Date "2017.08.16"]
[Round "1"]
[White "Shmagin, Konstantin"]
[Black "Goganov, Aleksey"]
[Result "0-1"]
[WhiteElo "2053"]
[BlackElo "2586"]
[PlyCount "100"]
[EventDate "2017.08.16"]
[EventType "swiss"]
[EventRounds "9"]
[EventCountry "RUS"]
[SourceTitle "CBM 180 Extra"]
[Source "ChessBase"]
[SourceDate "2017.10.06"]
[SourceVersion "1"]
[SourceVersionDate "2017.10.06"]
[SourceQuality "1"]

1. e4 c5 2. Nf3 e6 3. d4 cxd4 4. Nxd4 Nc6 5. Nc3 Qc7 6. Be3 Nf6 7. Be2 Be7 8. Ndb5 Qb8 9. f4 d6 10. 0-0 0-0 11. a4 b6 12. Bf3 Bb7 13. Qe2 a6 14. Na3 Qc7 15. Kh1 Nd7 16. Rad1 Rac8 17. Nc4 Na5 18. Nxa5 bxa5 19. Rd2 Rfe8 20. Rfd1 Nc5 21. Bd4 Bf8 22. e5 d5 23. Qe3 Qc6 24. b3 Ne4 25. Bxe4 dxe4 26. Ne2 h6 27. h3 Red8 28. c4 Rd7 29. Nc3 Rcd8 30. Qg3 Bc5 31. Qe3 Bb4 32. Kh2 h5 33. Kg3 g6 34. h4 Kh7 35. Kh3 Ba8 36. Kg3 Qb7 37. Rc2 Be7 38. Ne2 Rb8 39. Rc3 Bb4 40. Rc2 Ba3 41. Rb1 Rbd8 42. Rd1 Bb4 43. Kh3 Qc6 44. Kg3 Qc8 45. Kf2 Be7 46. g3 Bb4 47. Rb2 Qb7 48. Rc2 Rb8 49. Rb1 Qc8 50. Nc3 Rxd4 0-1

[Event "St Petersburg-ch U18"]
[Site "St Petersburg"]
[Date "2007.10.12"]
[Round "8"]
[White "Shmagin, Konstantin"]
[Black "Bogdanov, Andrei"]
[Result "0-1"]
[WhiteElo "1970"]
[BlackElo "2079"]
[PlyCount "37"]
[EventDate "2007.10.05"]
[EventType "swiss"]
[EventRounds "9"]
[EventCountry "RUS"]
[SourceTitle "EXT 2009"]
[Source "ChessBase"]
[SourceDate "2008.11.26"]
[SourceVersion "1"]
[SourceVersionDate "2008.11.26"]
[SourceQuality "1"]

1. e4 Nc6 2. Nf3 d5 3. exd5 Qxd5 4. Nc3 Qa5 5. d4 Bg4 6. Bb5 0-0-0 7. Bxc6 bxc6 8. Qe2 Rxd4 9. h3 Bxf3 10. Qxf3 Kb7 11. Qxf7 Nf6 12. 0-0 e5 13. Be3 Rd7 14. Qb3+ Qb4 15. Rfd1 Rxd1+ 16. Rxd1 Qxb3 17. axb3 Be7 18. Kf1 c5 19. Ke2 0-1

[Event "St Petersburg-ch U18"]
[Site "St Petersburg"]
[Date "2007.10.08"]
[Round "4"]
[White "Shmagin, Konstantin"]
[Black "Duzhakov, Ilya"]
[Result "0-1"]
[WhiteElo "1970"]
[BlackElo "2118"]
[PlyCount "41"]
[EventDate "2007.10.05"]
[EventType "swiss"]
[EventRounds "9"]
[EventCountry "RUS"]
[SourceTitle "EXT 2009"]
[Source "ChessBase"]
[SourceDate "2008.11.26"]
[SourceVersion "1"]
[SourceVersionDate "2008.11.26"]
[SourceQuality "1"]

1. e4 c5 2. Nf3 d6 3. d4 Nf6 4. Nc3 cxd4 5. Nxd4 a6 6. Be2 e5 7. Nb3 Be7 8. 0-0 0-0 9. Kh1 Be6 10. f4 Qc7 11. f5 Bc4 12. g4 d5 13. g5 Nxe4 14. Nxe4 dxe4 15. f6 Bb4 16. Bxc4 Qxc4 17. c3 Bd6 18. fxg7 Kxg7 19. Be3 Be7 20. Qh5 Nd7 21. Rf6 0-1

[Event "St Petersburg-ch U18"]
[Site "St Petersburg"]
[Date "2007.10.05"]
[Round "1"]
[White "Serov, Maksim"]
[Black "Shmagin, Konstantin"]
[Result "1/2-1/2"]
[WhiteElo "2305"]
[BlackElo "1970"]
[PlyCount "28"]
[EventDate "2007.10.05"]
[EventType "swiss"]
[EventRounds "9"]
[EventCountry "RUS"]
[SourceTitle "EXT 2009"]
[Source "ChessBase"]
[SourceDate "2008.11.26"]
[SourceVersion "1"]
[SourceVersionDate "2008.11.26"]
[SourceQuality "1"]

1. d4 d5 2. Nf3 Nf6 3. c4 e6 4. g3 dxc4 5. Bg2 a6 6. a4 Nc6 7. 0-0 Na5 8. Bg5 Nb3 9. Ra2 Be7 10. Na3 Bxa3 11. Rxa3 0-0 12. e3 c5 13. Ne5 cxd4 14. Nxc4 Na5 1/2-1/2